Utilization of solar energy in the drying of some medical and aromatic plants (Record no. 58293)
[ view plain ]
| 000 -LEADER | |
|---|---|
| fixed length control field | 02218cab a2200325Ia 45 0 |
| 001 - CONTROL NUMBER | |
| control field | u208544 |
| 003 - CONTROL NUMBER IDENTIFIER | |
| control field | SIRSI |
| 008 - FIXED-LENGTH DATA ELEMENTS--GENERAL INFORMATION | |
| fixed length control field | 101023s2002 ua ss b eng d |
| 040 ## - CATALOGING SOURCE | |
| Original cataloging agency | EAL |
| 041 ## - LANGUAGE CODE | |
| Language code of text/sound track or separate title | eng |
| Language code of summary or abstract | ara |
| 090 ## - LOCALLY ASSIGNED LC-TYPE CALL NUMBER (OCLC); LOCAL CALL NUMBER (RLIN) | |
| Classification number (OCLC) (R) ; Classification number, CALL (RLIN) (NR) | ART MJAR V27 No4 Pt1 11 |
| 100 1# - MAIN ENTRY--PERSONAL NAME | |
| Personal name | Abd-Eibary, M. S. |
| 240 10 - UNIFORM TITLE | |
| Uniform title | Minufiya journal of agricultural research, 2002 v. 27 (4) |
| Number of part/section of a work | Part 1 |
| Medium | [electronic resource]. |
| 245 10 - TITLE STATEMENT | |
| Title | Utilization of solar energy in the drying of some medical and aromatic plants |
| Medium | [electronic resource]. |
| 246 15 - VARYING FORM OF TITLE | |
| Title proper/short title | استخدام الطاقة الشمسية فى تجفيف بعض النباتات الطبية والعطرية. |
| 300 ## - PHYSICAL DESCRIPTION | |
| Extent | P.939-954. |
| 504 ## - BIBLIOGRAPHY, ETC. NOTE | |
| Bibliography, etc. note | Includes references. |
| 520 ## - SUMMARY, ETC. | |
| Summary, etc. | Fayoum Governorate is considered to be the biggest governorate producing and exporting medicinal and aromatic plants., These plants are still dried in a primitive way (sun drying), being unprotected from rains, dust , and infestation ,by insects and rodents, so that, their quality are often degraded. Thus the approach of this work was performed to study the possibility of using solar energy for drying chamomile, marigold, parsely and dill. Calculation absorved energy, diffuse radiation, useful energy gained, and efficiency percent of wood or steel collecter, which used in solar dryer, were used to compare between the two methods of drying . Drying rate, drying ratio, rate of drying ratio, chemical composition, microbial count, and organoleptic characteristics of the dried product, were olso considered. It was found that the efficiency of solar drier was affected by the type of the absorber plate ; and the best one was the painted steel plate, On the other hand, solar drying reduced the time of drying to about 20%. |
| 546 ## - LANGUAGE NOTE | |
| Language note | Summary in Arabic. |
| 596 ## - | |
| -- | 1 |
| 650 #0 - SUBJECT ADDED ENTRY--TOPICAL TERM | |
| Topical term or geographic name entry element | Aromatic plants |
| General subdivision | Drying. |
| 650 #0 - SUBJECT ADDED ENTRY--TOPICAL TERM | |
| Topical term or geographic name entry element | Medicinal plants |
| General subdivision | Drying. |
| 650 #0 - SUBJECT ADDED ENTRY--TOPICAL TERM | |
| Topical term or geographic name entry element | Solar energy in agriculture |
| 650 #3 - SUBJECT ADDED ENTRY--TOPICAL TERM | |
| Topical term or geographic name entry element | solar drying. |
| 700 1# - ADDED ENTRY--PERSONAL NAME | |
| Personal name | Mostafa, K. M. |
| 700 1# - ADDED ENTRY--PERSONAL NAME | |
| Personal name | Nabil, E.H. |
| 700 1# - ADDED ENTRY--PERSONAL NAME | |
| Personal name | Awad, A. |
| 773 0# - HOST ITEM ENTRY | |
| Title | Minufiya Journal of Agricultural Research. |
| Related parts | 2002.v.27(4) |
| Note | Part 1 |
| International Standard Serial Number | 1110-0265 |
| Control subfield | nnas |
| Record control number | u158151 |
| 856 40 - ELECTRONIC LOCATION AND ACCESS | |
| Uniform Resource Identifier | <a href="http://nile.enal.sci.eg/EALE/2002/MJAR/2702/4P1/939.pdf">http://nile.enal.sci.eg/EALE/2002/MJAR/2702/4P1/939.pdf</a> |
| Public note | Full Text Article |
| 942 ## - ADDED ENTRY ELEMENTS (KOHA) | |
| Koha item type | Articles |
| Source of classification or shelving scheme | Library of Congress Classification |
No items available.